Funções holomorfas /

Guardado en:
Autor Principal: Pisanelli, Domingos.
Formato: Libro
Idioma:Portuguese
Publicado: São Paulo : [Instituto de Matemática e Estatística da Universidade de São Paulo], 1976.
Series:Publicações do Instituto de Matemática e Estatística da Universidade de São Paulo
Etiquetas: Agregar Etiqueta
Sin Etiquetas, Sea el primero en etiquetar este registro!
LEADER 00597nam a22001455a 4500
001 MAT.inmabb006948
008 170428s1976####bl############001#0#por##
005 20170428173856.0
245 1 0 |a Funções holomorfas /  |c Domingos Pisanelli ; redação, Reinaldo Salvitti. 
260 |a São Paulo :  |b [Instituto de Matemática e Estatística da Universidade de São Paulo],  |c 1976. 
300 |a iv, 121 p. ;  |c 23 cm. 
440 0 |a Publicações do Instituto de Matemática e Estatística da Universidade de São Paulo 
100 1 |a Pisanelli, Domingos. 
084 |a 30-01  |2 msc2000 
859 |h 30  |i P673b  |p A-4670  |b BIB. MATEMATICA